| 000 | 00829nam a2200253 a 4500 | ||
|---|---|---|---|
| 999 |
_c19387 _d19387 |
||
| 001 | 990820 | ||
| 005 | 20170116113149.0 | ||
| 008 | 860410s1987 nyua 001 0 eng | ||
| 010 | _a 86050445 | ||
| 020 |
_a0886872804 : _c$24.95 |
||
| 020 | _a0345343956 (Ballantine Books) | ||
| 040 |
_aDLC _cDLC _dDLC |
||
| 050 | 0 | 0 |
_aTL790 _b.M33 1987 |
| 100 | 1 |
_aMcAleer, Neil, _d1942- |
|
| 245 | 1 | 4 |
_aThe omni space almanac : _ba complete guide to the Space Age / _cNeil McAleer. |
| 260 |
_aNew York : _bWorld Almanac : _bDistributed by Ballantine Books, _cc1987. |
||
| 300 |
_a382 p. : _bill. ; _c26 cm. |
||
| 500 | _a"An Omni book." | ||
| 500 | _aIncludes index. | ||
| 650 | 0 | _aAstronautics. | |
| 942 |
_2lcc _cBOOKS _hTL790 .M33 1987 |
||